000 01014nam a22003017a 4500
001 659
005 20251111141625.0
020 _a053110981X (lib. bdg.)
020 _a9780590461320
040 _aDLC
_cDLC
_dDLC
_beng
050 0 0 _aQH541.5.S3
_bB28 1990
082 0 0 _a574.92
_220
100 1 _aBaker, Lucy,
_d1964-
245 1 0 _aLife in the oceans /
_cLucy Baker.
250 _aFirst Scholastic printing, October 1992.
260 _aNew York :
_bScholastic,
_c1992.
300 _a31 p. :
_bcolor illustrations ;
_c27 cm.
500 _aIncludes index.
505 _aS
520 _aExamines plant and animal life, minerals, and other riches below the surface of the ocean, and the potential havoc that humans can wreak in harvesting resources from the seas.
521 _a940
_bLexile
521 _aS
_bRaz-Plus
650 0 _aMarine ecology
_xJuvenile literature.
650 1 _aMarine biology.
650 1 _aOcean.
906 _a7
_bcbc
_corignew
_d1
_eocip
_f19
_gy-gencatlg
942 _2ddc
_cBK
_n0
999 _c659
_d659